| 000 | 01125nam a22002297a 4500 | ||
|---|---|---|---|
| 005 | 20111102142633.0 | ||
| 008 | 111102t xxu||||| |||| 00| 0 mar d | ||
| 010 | _aMAR-21503 | ||
| 020 | _c180.00 | ||
| 035 | _aMR-14161 | ||
| 037 | _bDBAD / PUB | ||
| 040 |
_aDPL _bMR |
||
| 082 | _a891.46301 | ||
| 100 |
_aकोकाटे,अशोक बापू _935655 |
||
| 245 |
_aवस्ती / _cअशोक बापू कोकाटे |
||
| 246 |
_aVasti _bby Ashok Bapu Kokate |
||
| 260 |
_aकोल्हापूर _bरावा प्रकाशन _c2010 |
||
| 270 |
_aअभिनंदन बुक डेपो,1495,'बी' इंदुमती अपार्टमेंट,गुलाब गल्ली,मंगलवार पेठ, _bकोल्हापूर _e416012 |
||
| 300 |
_a184पृ. _b18सेमी(अजिल्द) |
||
| 942 |
_2ddc _cMR _h891.46301 _mकोकाटे |
||
| 999 |
_c57994 _d57994 |
||